Logo BPK

Biblioteka

Politechniki Koszalińskiej

The House of Spirits / (Rekord nr 48374)

Szczegóły MARC
000 -ETYKIETA REKORDU
podpole kontrolne o stałej długości 00507nam a2200193 i 4500
001 - NUMER KONTROLNY REKORDU
pole kontrolne bgj
020 ## - MIĘDZYNARODOWY ZNORMALIZOWANY NUMER KSIĄŻKI - ISBN
ISBN 0553273914
040 ## - ŹRÓDŁO KATALOGOWANIA
Instytucja, która utworzyła rekord BPK
041 0# - KOD JĘZYKA
Kod języka tekstu eng
920 ## - Międzynarodowy znormalizowany numer książki – ISBN
ISBN 0-55327391-4
008 - POLE O STAŁEJ DŁUGOŚCI - DANE KONTROLNE
podpole kontrolne o stałej długości s uk f |000 0 eng
100 1# - NAZWA OSOBOWA
Nazwa osobowa ALLENDE, Isabel.
245 10 - TYTUŁ/ODPOWIEDZIALNOŚĆ
Tytuł The House of Spirits /
Pozostałe elementy strefy tytułu i oznaczenia odpowiedzialności Isabel Allende.
260 ## - STREFA ADRESU WYDAWNICZEGO
Miejsce wydania New York [etc] :
Nazwa wydawcy/dystrybutora Bantam Books,
Data publikacji, dystrybucji/powstania dokumentu 1989.
300 ## - STREFA OPISU FIZYCZNEGO
Objętość 433 pp ;
Rozmiary 18 cm.
500 ## - UWAGI OGÓLNE
Tekst uwagi Original title: "Casa del los espiritus".
650 #9 - HASŁO PRZEDMIOTOWE W FORMIE NAZWY OGÓLNEJ LUB JEDNOSTKOWEJ
Nazwa ogólna lub geograficzna Domestic fiction
856 ## - LOKALIZACJA I DOSTĘP DO ELEKTRONICZNYCH DOKUMENTÓW ZDALNYCH
Link (URL) http://koha.tu.koszalin.pl/cgi-bin/koha/opac-detail.pl?biblionumber=48374
Tekst linku Katalog online BPK
942 ## - DODATKOWE ELEMENTY (KOHA)
Typ dokumentu Książka
Egzemplarze
Wycofany Status egzemplarza Uszkodzony Dostępność Lokalizacja stała Lokalizacja bieżąca Miejsce przechowywania Sygnatura Kod kreskowy Typ dokumentu
      Dostępny Biblioteka Politechniki Koszalińskiej Biblioteka Politechniki Koszalińskiej Wypożyczalnia Językowa KA 5627 09084476 Książka
© 2023 Biblioteka Politechniki Koszalińskiej :: KOHA